The noble scholar, jurist, historian


 His Excellency Dr. Abdul Wahhab bin Ibrahim Abu Sulaiman, may Allah have mercy on him.


 He was born in Umm Al-Qura in the year 1356 AH.

الوحدات النقدية المملوكية : (Record no. 11988)

MARC details
000 -LEADER
fixed length control field 03659cam a2200361 i 4500
003 - CONTROL NUMBER IDENTIFIER
control field SA-RiAUC
005 - DATE AND TIME OF LATEST TRANSACTION
control field 20250922073031.0
008 - FIXED-LENGTH DATA ELEMENTS--GENERAL INFORMATION
fixed length control field 250919s1983 su f g b 00100 ara c
024 0# - OTHER STANDARD IDENTIFIER
Standard number or code 00000000858828
040 ## - CATALOGING SOURCE
Original cataloging agency SA-MaUQU
Language of cataloging ara
Transcribing agency SA-RiAUC
Modifying agency AE-DuMBRL
Description conventions rda
043 ## - GEOGRAPHIC AREA CODE
Geographic area code f-ua---
082 04 - DEWEY DECIMAL CLASSIFICATION NUMBER
Classification number 737.49
Assigning agency SA-RiAUC
090 ## - LOCALLY ASSIGNED LC-TYPE CALL NUMBER (OCLC); LOCAL CALL NUMBER (RLIN)
Classification number (OCLC) (R) ; Classification number, CALL (RLIN) (NR) 737.49
Local cutter number (OCLC) ; Book number/undivided call number, CALL (RLIN) م ح م
100 1# - MAIN ENTRY--PERSONAL NAME
Personal name محمد، سامح عبد الرحمن فهمي،
Dates associated with a name 1951-
Relator term مؤلف.
245 12 - TITLE STATEMENT
Title الوحدات النقدية المملوكية :
Remainder of title عصر المماليك البحرية 648-792 هـ / 1250-1390 م /
Statement of responsibility, etc. الدكتور سامح عبد الرحمن فهمي.
250 ## - EDITION STATEMENT
Edition statement الطبعة الأولى.
264 #1 - PRODUCTION, PUBLICATION, DISTRIBUTION, MANUFACTURE, AND COPYRIGHT NOTICE
Place of production, publication, distribution, manufacture جدة، السعودية :
Name of producer, publisher, distributor, manufacturer تهامة،
Date of production, publication, distribution, manufacture, or copyright notice 1983.
300 ## - PHYSICAL DESCRIPTION
Extent 327 صفحة :
Other physical details لوحات ؛
Dimensions 24 × 17 سم.
336 ## - CONTENT TYPE
Content type term نص
Content type code txt
Source rdacontent
Materials specified كتاب
337 ## - MEDIA TYPE
Media type term بدون وسيط
Media type code n
Source rdamedia
338 ## - CARRIER TYPE
Carrier type term مجلد
Carrier type code nc
Source rdacarrier
490 1# - SERIES STATEMENT
Series statement الكتاب الجامعي ؛
Volume/sequential designation 18
500 ## - GENERAL NOTE
General note ملاحق : صفحة 267-296.
500 ## - GENERAL NOTE
General note كشاف : صفحة 295-327.
504 ## - BIBLIOGRAPHY, ETC. NOTE
Bibliography, etc. note ببليوجرافية : صفحة 259-266.
520 ## - SUMMARY, ETC.
Summary, etc. يهدِف هذا الكتاب إلى تسليط الضوء على المسكوكات الإسلامية المملوكية. وقد تم تقسيم فهرس هذا الكتاب إلى أربعة فصول. الفصل الأول تناول : الوحدات النقدية للمسكوكات قبل السلطان الظاهر بيبرس البندقداري (648-658 هـ / 1250-1260 م) ويشتمل على : وحدات السلطانة شجر الدر، وحدات السلطان الملك المعز عز الدين أيبك. في حين تناول الفصل الثاني : الوحدات النقدية لمسكوكات السلطان الظاهر بيبرس وأبنائه (658-678 هـ / 1260-1279 م) ويشتمل على : وحدات السلطان الملك السعيد ناصر الدين بركه قان. كما تناول الفصل الثالث : الوحدات النقدية لمسكوكات السلطان قلاوون وأبنائه (678-741 هـ / 1279-1341 م) ويشتمل على : وحدات السلطان الملك المنصور سيف الدين قلاوون، وحدات السلطان الملك العادل زين الدين كتبغا. وأخيرا يأتي الفصل الرابع ليتناول : الوحدات النقدية لمسكوكات أبناء السلطان الناصر محمد بن قلاوون (741-792 هـ / 1341-1390 م) ويشتمل على : وحدات السلطان الملك المنصور سيف الدين أبو بكر، وحدات السلطان الملك علاء الدين كجك، وحدات السلطان الملك شهاب الدين أحمد. ثم في نهاية الكتاب تأتي : المصادر والمراجع، الملاحق وهي : ثبت بأسماء سلاطين المماليك البحرية في مصر، ثبت بأسماء الخلفاء العباسيين بمصر زمن المماليك البحرية، فهرست الوحدات النقدية للسكة المملوكية. كشاف لوحات الوحدات النقدية لمسكوكات المماليك البحرية، اللوحات.
650 #7 - SUBJECT ADDED ENTRY--TOPICAL TERM
Topical term or geographic name entry element المسكوكات
General subdivision تاريخ
Source of heading or term aucsh
650 #7 - SUBJECT ADDED ENTRY--TOPICAL TERM
Topical term or geographic name entry element النقود المعدنية الإسلامية
Geographic subdivision مصر
General subdivision تاريخ
Chronological subdivision العصر المملوكي، 1250-1517
Source of heading or term aucsh
830 #2 - SERIES ADDED ENTRY--UNIFORM TITLE
Uniform title الكتاب الجامعي (تهامة للنشر والتوزيع)
Volume/sequential designation 18
942 ## - ADDED ENTRY ELEMENTS (KOHA)
Source of classification or shelving scheme Dewey Decimal Classification
Koha item type Books
Suppress in OPAC No
949 ## - LOCAL PROCESSING INFORMATION (OCLC)
a SA-JeALM
d 250919
u mohamedma123
n 1
Holdings
Withdrawn status Lost status Source of classification or shelving scheme Damaged status Not for loan Home library Current library Date acquired Total checkouts Full call number Barcode Date last seen Price effective from Koha item type
    Dewey Decimal Classification     DR AbdElwahab Library DR AbdElwahab Library 09/22/2025   737.49 م ح م 000019300 09/22/2025 09/22/2025 Books